000 00997nam a2200325 a 4500
005 20151117032331.0
008 140304b1997 wau||||| |||| 00| 0 eng d
040 _aCO-BoIAVH
_cCO-BoIAVH
041 _aeng
044 _axxu
090 _aLB
_b02001
100 _aLedec, George
_97318
245 _aCritical natural habitats in Latin America and the Caribbean
_bsouthern cone (Argentina, Chile, Paraguay and Uruguay)
260 _aWashington
_bWorld Bank
_c1997?
300 _a80 p.
650 _aHábitat
_942062
650 _aPolítica
_942063
650 _aAreas prioritarias de conservación
_942064
662 _aArgentina
_cAmérica Latina
662 _aChile
_cIslas del Caribe
662 _aParaguay
662 _aUruguay
700 _aBeltrán, Javier
_914859
700 _aPellegrini, Mauro
_914860
700 _aAndreoli, Giorgio
_914861
700 _aBunting, Gillinan
_914862
700 _aBoitani, Luigi
_914863
700 _aGreen, Michael
_914864
942 _cINFORME
_2z
999 _c2172
_d2172